000 00198nam a22000977a 4500
041 _aeng
080 _a80
100 _aPierre, S. St.
245 _aThe mysterious Dude of Ghost Ranch.
999 _c280675
_d280675
942 _cBK